000 00322nam a22001337a 4500
008 170608b xxu||||| |||| 00| 0 eng d
020 _a9780321078452
041 _aeng
080 _a32
100 _a18
101 _aSHP
245 _aUNDERSTANDING INFORMING APPRAISING PUBLIC POLICY
_cGOSLING.J.K
942 _2udc
_cBK
999 _c16593
_d16593